| Tag |
First Indicator |
Second Indicator |
Subfields |
| LEADER |
00000cam a2200000 a 4500 |
| 001 |
in00000014004 |
| 005 |
20151007052121.0 |
| 008 |
870701s1987 paua b 10010 eng |
| 010 |
|
|
|a 87060443
|
| 020 |
|
|
|a 0898712157
|
| 035 |
|
|
|a (OCoLC)16581117
|
| 035 |
|
|
|9 AAA6352AM
|
| 040 |
|
|
|a DLC
|c DLC
|d TXA
|d UtOrBLW
|
| 049 |
|
|
|a TXAM
|c [A11462571]
|
| 050 |
0 |
0 |
|a QA76.5
|b .C6192 1986
|
| 082 |
0 |
|
|a 004/.35
|2 19
|
| 111 |
2 |
|
|a Conference on Hypercube Multiprocessors
|n (2nd :
|d 1986 :
|c Knoxville, Tenn.)
|
| 245 |
1 |
0 |
|a Hypercube multiprocessors, 1987 :
|b proceedings of the Second Conference on Hypercube Multiprocessors, Knoxville, Tennessee, September 29- October 1, 1986 /
|c edited by Michael T. Heath.
|
| 264 |
|
1 |
|a Philadelphia :
|b Siam,
|c 1987.
|
| 300 |
|
|
|a xvii, 761 pages :
|b illustrations ;
|c 26 cm.
|
| 336 |
|
|
|a text
|b txt
|2 rdacontent
|
| 337 |
|
|
|a unmediated
|b n
|2 rdamedia
|
| 338 |
|
|
|a volume
|b nc
|2 rdacarrier
|
| 500 |
|
|
|a "Sponsored by the Mathematical Sciences Section of Oak Ridge National Laboratory and the Society for Industrial and Applied Mathematics activity groups on supercomputing and linear algebra."
|
| 504 |
|
|
|a Includes bibliographies.
|
| 650 |
|
0 |
|a Multiprocessors
|v Congresses.
|
| 650 |
|
0 |
|a Parallel processing (Electronic computers)
|v Congresses.
|
| 700 |
1 |
|
|a Heath, Michael T.
|
| 710 |
2 |
|
|a Oak Ridge National Laboratory.
|b Mathematical Sciences Section.
|
| 710 |
2 |
|
|a Society of Industrial and Applied Mathematics.
|
| 999 |
|
|
|a MARS
|
| 999 |
f |
f |
|s 44149aa1-7976-3f4f-b62a-a546ada99a43
|i 2f9e5803-8b79-3582-b616-9e644ce548c5
|t 0
|
| 952 |
f |
f |
|p ric
|a Texas A&M University
|b Rellis Campus
|c Joint Library Facility
|d Remote Storage
|t 0
|e QA76.5 .C6192 1986
|h Library of Congress classification
|i unmediated -- volume
|m A14811462571
|
| 998 |
f |
f |
|a QA76.5 .C6192 1986
|t 0
|l Remote Storage
|